000 00702nam a22002177a 4500
999 _c22562
_d22562
003 AR-CdUCM
008 190423b ||||| |||| 00| 0 spa d
020 _a9788416489985
040 _aMUNICIPALIDAD PROVINCIAL DEL CUSCO
_cBIBLIOTECA MUNICIPAL DEL CUSCO
082 _aES/611/P26
_bP26
100 _aParker, Steve
_933858
245 _aCuerpo Humano :
_bguía ilustrada de nuestra anatomía /
_cSteve Parker
260 _aBarcelona :
_bPlaneta,
_bLunwerg,
_c2017.
300 _a223 páginas. :
_bil. col ;
_c24 cm.
650 _aCuerpo humano
_948520
650 _aLiteratura juvenil
_91580
650 _aEnciclopedias
_96681
700 _aBaker, Andrew
_948521
942 _2ddc
_cLIBROS
945 _arac